Southville International School and Colleges
Your cart is empty.
  • Cart
  • Lists
    Public lists Eva Luna New books Lux_list list_1
    Your lists Log in to create your own lists
  • Log in to your account
  • Your cookies
  • Search history
Southville International School and Colleges
  • Advanced search
  • Recent comments
  • Most popular
  • Libraries

Log in to your account

Log in with GOOGLE


If you do not have an external account, but do have a local account, you can still log in:

  1. Home
  2. MARC view: Magic school bus gets ants in pants :
Normal view MARC view ISBD view

Magic school bus gets ants in pants : (Record no. 114670)

[ view plain ]
MARC details
000 -LEADER
fixed length control field 00508nam a2200181 a 4500
001 - CONTROL NUMBER
control field 3171
005 - DATE AND TIME OF LATEST TRANSACTION
control field 20140414132108.0
008 - FIXED-LENGTH DATA ELEMENTS--GENERAL INFORMATION
fixed length control field 060202s19uu xx 00 eng d
020 ## - INTERNATIONAL STANDARD BOOK NUMBER
International Standard Book Number 0-590-40024-x
050 ## - LIBRARY OF CONGRESS CALL NUMBER
Classification number M 595.7
Item number C67 1996
100 ## - MAIN ENTRY--PERSONAL NAME
Personal name Cole, Joanna
245 ## - TITLE STATEMENT
Title Magic school bus gets ants in pants :
Remainder of title a book about ants /
Statement of responsibility, etc Joanna Cole.
260 ## - PUBLICATION, DISTRIBUTION, ETC. (IMPRINT)
Place of publication, distribution, etc New York :
Name of publisher, distributor, etc Scholastic,
Date of publication, distribution, etc 1996.
300 ## - PHYSICAL DESCRIPTION
Extent 1 v. p. ; cm.
650 ## - SUBJECT ADDED ENTRY--TOPICAL TERM
Topical term or geographic name as entry element Ants
General subdivision Fiction
-- Children stories.
Holdings
Withdrawn status Lost status Damaged status Use restrictions Home library Current library Shelving location Date acquired Source of acquisition Cost, normal purchase price Total Checkouts Full call number Barcode Date last seen Price effective from Koha item type
        Munich Library Munich Library Main Section 01/15/2011   120.00   M 595.7 C67 1996 M6555 04/14/2014 04/14/2014 Books
        Munich Library Munich Library Main Section 01/22/2011       M 595.7 C67 1996 M3845 04/14/2014 04/14/2014 Books

Magic school bus gets ants in pants :

APA

Cole J., . (1996). Magic school bus gets ants in pants. New York: Scholastic.

Chicago

Cole Joanna, . 1996. Magic school bus gets ants in pants. New York: Scholastic.

Harvard

Cole J., . (1996). Magic school bus gets ants in pants. New York: Scholastic.

MLA

Cole Joanna, . Magic school bus gets ants in pants. New York: Scholastic. 1996.

  • Place hold
  • Print
  • Cite
  • Add to your cart (remove)
  • Save record
    BIBTEX Dublin Core MARCXML MARC (non-Unicode/MARC-8) MARC (Unicode/UTF-8) MARC (Unicode/UTF-8, Standard) MODS (XML) RIS
  • More searches
    Search for this title in:
    Other Libraries (WorldCat) Other Databases (Google Scholar) Online Stores (Bookfinder.com) Open Library (openlibrary.org)

Exporting to Dublin Core...

SOUTHVILLE LIBRARY

Southville International School and Colleges Library

1281 Tropical Ave. Cor. Luxembourg St., BF Homes International, Las Pinas City

Tel. No. 8256374 / 252358 Loc. 117/146

Powered by Koha